000 00741nam a2200241Ia 4500
003 OSt
005 20220925201815.0
006 a|||||r|||| 00| 0
007 ta
008 220923b |||||||| |||| 00| 0 eng d
037 _cGeneral Book
040 _aRTL
_cRTL
_beng
041 _2eng
_aeng
082 _aX4:5.2s, L6/GD
110 _aIndia Commercial Intelligence and Statistics (Deptt. of,,,)
245 0 _aAccounts relating to the inland trade.
260 _aDelhi
_bMOP India
_c1976
300 _a283p.
_ccm.
650 _aTransport Economics -- United States
700 _aIndia Commercial Intelligence and Statistics (Deptt. of,,,)
942 _hX4:5.2s, L6/GD
_cGB
_2CC
999 _c541286
_d541286